000 01323cam a22004097a 4500
003 CHAP
005 20220817044023.0
008 050425d2001 uk r 00110 eng d
010 _a90163
011 _a91135
020 _a0471976822
035 _a101693
040 _cCHAP
082 0 4 _a574.88
_bL4 2001
100 0 0 _aLea, Peter J.
_eed.
_965257
245 1 0 _aPlant biochemistry and molecular biology
_c/ed. by Peter J. Lea and Richard C. Leegood
250 _a2 ed.
260 _aWest Sussex, England :
_bJohn Wiley & Sons,
_c2001.
300 _a364 p.
590 _aBATCH-UPD
_b10
_c20130110
_lUCH01
_h0925
590 _aBATCH-UPD
_b10
_c20130410
_lUCH01
_h0546
590 _aBATCH-UPD
_b10
_c20130914
_lUCH01
_h0631
590 _aCONVERSION
_b10
_c20130109
_lUCH01
_h1350
650 1 4 _aBiofísica.
_912735
650 1 4 _aBioquímica.
_912849
650 1 4 _aCitología e histología vegetales.
_923495
650 1 4 _aFotosíntesis.
_942737
650 1 4 _aGenética vegetal.
650 1 4 _aNitrógeno
_xFijación.
_981472
650 1 4 _aPigmentos vegetales.
_988057
650 1 4 _aPlantas
_xCarbohidratos en.
_988794
700 0 _aLeegood, Richard C.
_965614
901 _aBK
905 _aLilia
942 _cLIBRO
949 _a574.88 L4 2001
_bBC
_cLIBRO
_d33724000946067
_eLIBRO
_gI.00224487
_h105514
_i101693
_si
_t$960.00
999 _c90163
_d90163